Recenzia

Recenzia na skriptá s názvom „Organizačné správanie“. Sú rozdelené do jedenástich kapitol. Prvé dve kapitoly pojednávajú o jednotlivcovi, pracovných skupinách a tímoch v organizácii. Po vymedzení základných pojmov sa zameriavajú na teórie osobnosti, klasifikáciu pracovných skupín a roly v pracovnýc...

Descrizione completa

Salvato in:
Dettagli Bibliografici
Autore principale: Spišáková, Emília, 1983-
Natura: Capitolo di libro
Lingua:slovacco
Soggetti:
Tags: Aggiungi Tag
Nessun Tag, puoi essere il primo ad aggiungerne!!

MARC

LEADER 00000nla a2200000 4500
001 0174142
005 20240502072953.0
041 0 |a slo 
044 |a SK 
245 1 0 |a Recenzia  |c Emília Spišáková 
520 |a Recenzia na skriptá s názvom „Organizačné správanie“. Sú rozdelené do jedenástich kapitol. Prvé dve kapitoly pojednávajú o jednotlivcovi, pracovných skupinách a tímoch v organizácii. Po vymedzení základných pojmov sa zameriavajú na teórie osobnosti, klasifikáciu pracovných skupín a roly v pracovných skupinách. Tretia kapitola sa orientuje na hodnotenie efektívnosti práce v skupinách, v rámci je aj vzorový dotazník na hodnotenie pracovnej skupiny a formulár pre hodnotenie tímu. 
610 2 0 |a správanie organizačné 
610 2 0 |a recenzie 
610 2 0 |a podnik 
610 2 0 |a tímy pracovné 
610 2 0 |a manažéri 
100 1 |a Spišáková, Emília, 1983-